000 00415nam a2200169Ia 4500
008 170705s9999 xx 000 0 und d
020 _a439458935
245 _aMy beautiful child /
245 _cLisa Desimini ; illustrated by Matt Mahurin.
260 _aNew York :
260 _bScholastic,
260 _c2004
300 _aunpaged :
300 _bcolor illustration ;
300 _c24cm.
500 _a250
999 _c336775
_d336775